Liste des Porte-paroles du gouvernement - Statistiques

Statistiques générales
  • Ce quiz a été pris 19 fois
  • Le résultat moyen est 12 sur 34
Statistiques - réponses
Gouvernement Aussi connu pour avoir été... Porte-parole % Correct
Castex Premier ministre Gabriel Attal
93%
Borne Ministre de la Santé pendant le Covid Olivier Veran
80%
Fillon III Candidate à la présidentielle Valérie Pécresse
73%
Philippe I, II Ministre de l'Intérieur pendant les Gilets Jaunes Christophe Castaner
60%
Valls I, II, Cazeneuve Ministre de l'Agriculture, maire du Mans Stephane Le Foll
60%
Fillon II Président de la région Auvergne Rhône Alpes Laurent Wauquiez
53%
Balladur Président de la République Nicolas Sarkozy
53%
Attal Ministre du Service National Universel Prisca Thevenot
53%
Chirac II Premier ministre, maire de Bordeaux Alain Juppé
47%
Raffarin I, II, III, de Villepin Président de l'UMP, Maire de Meaux Jean-François Copé
47%
Fillon III Maire de Troyes François Baroin
40%
Juppé I Maire de Troyes François Baroin
40%
Philippe II Chargée de communication d'Emmanuel Macron pendant sa campagne Sibeth Ndiaye
40%
Philippe II Candidat éphémère à la mairie de Paris Benjamin Griveaux
33%
Jospin Maire de Strasbourg Catherine Trautmann
33%
Cresson Ministre de la Culture Jack Lang
33%
Ayrault I, II Ministre de l'Éducation nationale Najat Vallaud-Belkacem
33%
Balladur Maire de Toulouse, ministre de la Santé Philippe Douste-Blazy
33%
Bayrou Ministre LR du commerce extérieur Sophie Primas
33%
Rocard Ministre de la santé, a donné son nom à une loi célèbre Claude Évin
27%
Barnier Députée proche de G. Darmanin Maud Bregeon
27%
Borne Ministre des PME Olivia Gregoire
27%
Fabius Présidente de la Croix Rouge Georgina Dufoix
20%
Fillon II Ministre de l'Éducation nationale Luc Chatel
20%
Mauroy Membre de l'Académie française, historien Max Gallo
20%
Mauroy, Fabius Ministre des Affaires étrangères, de la Justice Roland Dumas
20%
Fillon I Ministre de la Culture Christine Albanel
13%
Messmer Ministre de la Culture Jean-Philippe Lecat
13%
Bérégovoy Président de l'Assemblée nationale Louis Mermaz
13%
Juppé II Ministre du Budget Alain Lamassoure
7%
Chirac I Maire de Château-Thierry André Rossi
7%
Rocard Ministre des Outre-mer Louis Le Pensec
7%
Bérégovoy Président de la région Midi-Pyrénées Martin Malvy
7%
Chaban-Delmas Résistant Léo Hamon
0%
Aucun quiz correspondant
Distribution des résultats
% des personnes avec chaque résultat
Percentile par nombre de réponses
Votre historique - résultats
Vous n’avez pas pris ce quiz